000 00585nam a2200217Ia 4500
005 20250923145744.0
008 008 250917s9999 xx 000 0 eng d
037 _aTextual
040 _aDSWL
_beng
_cDSWL
041 _aeng
_2eng
084 _aYxoa, N84
_qDSWL
100 _aNicolson, P.
_9838612
245 0 _aApplied psychology for social workers
_cby P.Nicolson
260 _aLondon
_bMacmillan
_c1984
300 _ax,166
365 _aGBP
_b12.5
700 _a R. Bayne
_9838613
925 _g12.5
942 _cTEXL
_hYxoa, N84
999 _c1455270
_d1455270